APPLIED MATHEMATICS (Record no. 41087)

000 -LEADER
fixed length control field 00272nam a2200121Ia 4500
008 - FIXED-LENGTH DATA ELEMENTS--GENERAL INFORMATION
fixed length control field 230203s9999 xx 000 0 und d
100 ## - MAIN ENTRY--PERSONAL NAME
Personal name LUTHRA H R
245 #0 - TITLE STATEMENT
Title APPLIED MATHEMATICS
250 ## - EDITION STATEMENT
Edition statement 9
260 ## - PUBLICATION, DISTRIBUTION, ETC.
Place of publication, distribution, etc. Delhi
Name of publisher, distributor, etc. BHARAT BHARTI
Date of publication, distribution, etc. 2019
300 ## - PHYSICAL DESCRIPTION
Extent 280
942 ## - ADDED ENTRY ELEMENTS (KOHA)
Koha item type Book
Holdings
Withdrawn status Lost status Damaged status Not for loan Collection code Permanent Location Current Location Date acquired Total Checkouts Total Renewals Barcode Date last seen Date last checked out Price effective from Koha item type
        School of Science Central Library, MUIT, Lucknow Central Library, MUIT, Lucknow 2023-02-03 5 1 6493 2024-11-08 2024-10-18 2023-02-03 Book

All Rights Reserved@MUIT

Powered by Koha